• 首页
  • 本馆介绍
  • 公告通知
  • 最新文献
  • 馆藏检索
  • 电子资源
  • 读者导购
  • 参考咨询
  • 我的图书馆
  • 登录
  • 详细信息显示
  • 放入我的书架
  • 预约/预借图书
  • 作者相关作品
  • 分类相关作品
  • 丛书相关作品
  • 出版社相关作品

书目信息

  • 表格格式
  • 工作单格式
  • 卡片格式
题名:
一个世纪儿的忏悔
    
 
作者: 缪塞 著 ;陈筱卿 译
分册:  
出版信息: 北京   北京燕山出版社  2000.08
页数: 311页
开本: 32开
丛书名: 世界文学文库
单 册:
中图分类: I565.44
科图分类:
主题词: 文学
电子资源:
ISBN: 7-5402-1317-5
000 00667nam0 2200229 45
001 0206280817
005 20020628082224.4
010    @a7-5402-1317-5@d12.00元
100    @a20020628d2000 km y0chiy0120 ea
101 0  @achi
105    @a z 000yy
200 1  @a一个世纪儿的忏悔@AYi Ge Shi Ji Er De Chan Hui@f(法)缪塞著@F(Fa)Miao Sai Zhu@g陈筱卿译
210    @a北京@c北京燕山出版社@d2000.08
215    @a311页@d32开
225    @a世界文学文库
410    @12001 @a世界文学文库
606 0  @a文学
690    @aI565.44@v3
701  0 @a缪塞@4著
702  0 @a陈筱卿@AChen Xiao Qing@4译
801    @aCN@bPftUser@c20020628
905    @aBZT@b341787-789@dI565.44@e10@f3
    
    一个世纪儿的忏悔/(法)缪塞著/陈筱卿译.-北京:北京燕山出版社,2000.08
    311页;32开.-(世界文学文库)
    
    
    ISBN 7-5402-1317-5:12.00元
    
●
相关链接 在五车中查询图书 在当当中查询图书 在豆瓣中查询图书


正题名:一个世纪儿的忏悔     索取号:I565.44/10         预约/预借

序号 登录号 条形码 馆藏地/架位号 状态 备注
1 341787   201400796   中心书库中库/打包BH0150/ [索取号:I565.44/10] 在馆    
2 341788   201400778   中心书库中库/打包BH0150/ [索取号:I565.44/10] 在馆    
3 341789   201400732   中心书库中库/打包BH0150/ [索取号:I565.44/10] 在馆    
山东省滨州职业学院图书馆 欢迎您!
大连网信软件有限公司© 版权所有